| 000 | 00619nam a22001697a 4500 | ||
|---|---|---|---|
| 999 |
_c21266 _d21266 |
||
| 003 | OSt | ||
| 005 | 20240903162324.0 | ||
| 008 | 240903b ||||| |||| 00| 0 eng d | ||
| 040 | _c0 | ||
| 082 | _aDPer 808.042 C686 June-February 2021, vol 72-73, no. 1-4. | ||
| 100 |
_aLindquist, Julie. _eauthor. _960028 |
||
| 245 |
_aWriting and teaching in a time of covid ; _buncommon reflections on learning and loss / _cJulie Lindquist. |
||
| 260 |
_aUSA; _bNational Council of Teachers of English, _cDecember 2021. |
||
| 300 | _avolume 72-73, pages 184-205. | ||
| 700 |
_aLindquist, Julie. _eauthor. _960028 |
||
| 942 |
_2ddc _cPER |
||